书目信息 |
| 题名: |
施琅大将军
|
|
| 作者: | 安然 著 | |
| 分册: | ||
| 出版信息: | 北京 新华出版社 2006.03 |
|
| 页数: | 253页 | |
| 开本: | 23cm | |
| 丛书名: | ||
| 单 册: | ||
| 中图分类: | K825.2=49 | |
| 科图分类: | ||
| 主题词: | ||
| 电子资源: | ||
| ISBN: | 7-5011-7436-9 | |
| 000 | 00768nam0 2200229 450 | |
| 001 | 012006614419 | |
| 005 | 20070902085140.92 | |
| 010 | @a7-5011-7436-9@dCNY29.00 | |
| 100 | @a20061027d2006 km y0chiy0120 ea | |
| 101 | 0 | @achi |
| 102 | @aCN@b110000 | |
| 105 | @aa z 000yb | |
| 200 | 1 | @a施琅大将军@Ashi lang da jiang jun@e平定台湾传奇@f安然著@Fan ran zhu |
| 210 | @a北京@c新华出版社@d2006.03 | |
| 215 | @a253页@c图@d23cm | |
| 330 | @a本书内容包括:生于乱世 少年弃文习武、投军从戎 追随恩主附清、反正重归 辅佐郑氏创业、嫌隙渐生 施氏全家被囚等。 | |
| 517 | 1 | @a平定台湾传奇@Aping ding tai wan chuan qi |
| 600 | 0 | @a施琅,@Ashi lang,@f1621~1696@x生平事迹 |
| 690 | @aK825.2=49@v4 | |
| 701 | 0 | @a安然@Aan ran@4著 |
| 801 | 0 | @aCN@c20070902 |
| 905 | @dK825.2=49@eA683 | |
| 施琅大将军:平定台湾传奇/安然著.-北京:新华出版社,2006.03 |
| 253页:图;23cm |
| ISBN 7-5011-7436-9:CNY29.00 |
| 本书内容包括:生于乱世 少年弃文习武、投军从戎 追随恩主附清、反正重归 辅佐郑氏创业、嫌隙渐生 施氏全家被囚等。 |
| ● |
| 相关链接 |
|
|
|
正题名:施琅大将军
索取号:K825.2=49/A683
 
预约/预借
| 序号 | 登录号 | 条形码 | 馆藏地/架位号 | 状态 | 备注 |
| 1 | 224052 | 202240529 | 社科库309/309社科库 47排6列4层/ [索取号:K825.2=49/A683] | 在馆 | |
| 2 | 224053 | 202240538 | 社科库309/309社科库 47排6列4层/ [索取号:K825.2=49/A683] | 在馆 | |
| 3 | 224054 | 202240547 | 社科库309/309社科库 47排6列4层/ [索取号:K825.2=49/A683] | 在馆 | |
| 4 | 642241 | 206422414 | 自科二线404/400A自科库 6排1列1层/ [索取号:K825.2=49/A683] | 在馆 | |
| 5 | 642242 | 206422423 | 自科二线404/400A自科库 6排1列1层/ [索取号:K825.2=49/A683] | 在馆 | |
| 6 | 642243 | 206422432 | 社科库309/309社科库 56排1列2层/ [索取号:K825.2=49/A683] | 在馆 |